[Event "XVII Festival Conca della Presolana Magistrale"]
[Site "Bratto - Castione della Presolana ITA"]
[Date "1997.08.??"]
[Round "7"]
[White "Mione, Dario"]
[Black "Cugini, Verter"]
[Result "1-0"]
[WhiteElo "2295"]
[BlackElo "2215"]
[PlyCount "87"]
[EventDate "1997.08.21"]

1. e4 e6 2. d4 d5 3. Nd2 Nf6 4. e5 Ne4 5. Nxe4 dxe4 6. Bc4 a6 7. a4 c5 8. d5
Nd7 9. dxe6 fxe6 10. f4 Nb6 11. Qxd8+ Kxd8 12. Be2 Bd7 13. a5 Nd5 14. c3 g5 15.
Nh3 gxf4 16. Nxf4 Bg7 17. Nxd5 exd5 18. Be3 Rc8 19. Rd1 Be6 20. Bc4 Kd7 21.
Bxd5 Bxd5 22. Rxd5+ Ke6 23. Rd6+ Kxe5 24. Rd7 Bf6 25. O-O Ke6 26. Rxb7 Rb8 27.
Ra7 Ra8 28. Rb7 Rab8 29. Rb6+ Rxb6 30. axb6 Be7 31. Ra1 Kd5 32. Rxa6 Bd6 33. b7
Bb8 34. g3 Rd8 35. Ra8 Kc6 36. Ra4 Re8 37. Kf2 Re7 38. Rc4 Rxb7 39. Rxc5+ Kd6
40. b4 Ba7 41. Rh5 Rf7+ 42. Ke2 Ke6 43. Bxa7 Rxa7 44. Ke3 1-0

[Event "XVII Festival Conca della Presolana Magistrale"]
[Site "Bratto - Castione della Presolana ITA"]
[Date "1997.08.??"]
[Round "7"]
[White "Moncelli, Giorgio"]
[Black "Caruso, Daniele"]
[Result "0-1"]
[WhiteElo "2195"]
[BlackElo "2130"]
[PlyCount "74"]
[EventDate "1997.08.21"]

1. d4 Nf6 2. c4 g6 3. Nc3 Bg7 4. e4 d6 5. f3 O-O 6. Bg5 h6 7. Be3 e5 8. d5 c6
9. Qd2 a6 10. Nge2 b5 11. dxc6 Nxc6 12. Rd1 bxc4 13. Qxd6 Qxd6 14. Rxd6 Nb4 15.
Kd2 Be6 16. a3 Rfd8 17. Rxd8+ Rxd8+ 18. Kc1 Nd3+ 19. Kc2 Bf8 20. Nc1 Nc5 21.
Be2 Ne8 22. Rd1 Rb8 23. N1a2 a5 24. Nd5 Na4 25. Bc1 Nd6 26. Nac3 Nxc3 27. Nxc3
f5 28. Be3 Kf7 29. Bxh6 Nxe4 30. Bxf8 Nxc3 31. Kxc3 Kxf8 32. Rd6 Ke7 33. Ra6
Rb3+ 34. Kc2 Re3 35. Kd2 Rxe2+ 36. Kxe2 c3 37. bxc3 Bc4+ 0-1

[Event "XVII Festival Conca della Presolana Magistrale"]
[Site "Bratto - Castione della Presolana ITA"]
[Date "1997.08.??"]
[Round "7"]
[White "Nurkic, Sahbaz"]
[Black "Samaritani, Fabio"]
[Result "1-0"]
[WhiteElo "2430"]
[BlackElo "2180"]
[PlyCount "83"]
[EventDate "1997.08.21"]

1. e4 e5 2. Nf3 Nc6 3. Bb5 a6 4. Ba4 Nf6 5. O-O Bc5 6. Bxc6 dxc6 7. d3 Qe7 8.
Nbd2 Bg4 9. h3 Bh5 10. Re1 O-O-O 11. Nf1 Nd7 12. Ng3 Bg6 13. c3 f6 14. b4 Bb6
15. a4 Nb8 16. Qc2 Qd7 17. Rd1 h5 18. Nh4 Bh7 19. d4 g5 20. Nhf5 h4 21. Nf1
Bxf5 22. exf5 exd4 23. cxd4 Qg7 24. Qe4 Rhe8 25. Qg4 Qe7 26. Be3 Qxb4 27. a5
Ba7 28. Rdb1 Qe7 29. Ra4 Rd5 30. Rab4 Rb5 31. d5 Bxe3 32. Nxe3 Rxb4 33. Rxb4
cxd5 34. Rb1 Qe4 35. Qd1 d4 36. Ng4 Nd7 37. Qb3 c5 38. f3 Qc6 39. Qf7 Ne5 40.
Nxe5 fxe5 41. Rxb7 Rd8 42. Rb6 1-0

[Event "XVII Festival Conca della Presolana Magistrale"]
[Site "Bratto - Castione della Presolana ITA"]
[Date "1997.08.??"]
[Round "7"]
[White "Pagnoncelli, Marco"]
[Black "Lantini, Marco"]
[Result "1/2-1/2"]
[WhiteElo "2090"]
[BlackElo "2190"]
[PlyCount "91"]
[EventDate "1997.08.21"]

1. e4 e5 2. Nf3 Nf6 3. Nxe5 d6 4. Nf3 Nxe4 5. Qe2 Qe7 6. d3 Nf6 7. Bg5 Qxe2+ 8.
Bxe2 Be7 9. Nc3 O-O 10. O-O-O c6 11. Ne4 Nbd7 12. Rhe1 d5 13. Nxf6+ Bxf6 14.
Bf1 Bxg5+ 15. Nxg5 Nc5 16. d4 Ne6 17. Nxe6 Bxe6 18. Bd3 Rfe8 19. Re3 g6 20.
Rde1 Bd7 21. Kd2 Kf8 22. Rxe8+ Rxe8 23. Rxe8+ Kxe8 24. Ke3 Ke7 25. h4 h6 26. c3
Kf6 27. g3 Bf5 28. Be2 Bd7 29. Kf4 Be6 30. b4 Bd7 31. a4 g5+ 32. hxg5+ hxg5+
33. Ke3 Ke7 34. f4 f6 35. fxg5 fxg5 36. a5 Kd6 37. Bh5 Be6 38. Kf3 Bd7 39. Bg4
Be8 40. Bc8 Kc7 41. Bf5 Bh5+ 42. Kg2 Kd6 43. Kf2 Bd1 44. Bd3 Bg4 45. Ke3 a6 46.
Bg6 1/2-1/2

[Event "XVII Festival Conca della Presolana Magistrale"]
[Site "Bratto - Castione della Presolana ITA"]
[Date "1997.08.??"]
[Round "7"]
[White "Profumo, Alberto"]
[Black "Castaldo, Folco"]
[Result "1/2-1/2"]
[WhiteElo "2250"]
[BlackElo "2170"]
[PlyCount "51"]
[EventDate "1997.08.21"]

1. Nf3 g6 2. g3 Bg7 3. d4 Nf6 4. Bg2 O-O 5. c4 d6 6. Nc3 Nc6 7. O-O e5 8. d5
Ne7 9. e4 Ne8 10. Ne1 f5 11. Nd3 Nf6 12. f4 Nxe4 13. Nxe4 fxe4 14. Bxe4 Nf5 15.
fxe5 dxe5 16. Bd2 Nd6 17. Rxf8+ Qxf8 18. Bb4 Qf6 19. Bxd6 cxd6 20. Qe2 Bh6 21.
Rf1 Qg5 22. Kg2 Bg4 23. Bf3 Bf5 24. Nf2 Qe3 25. Qxe3 Bxe3 26. Ne4 1/2-1/2

[Event "XVII Festival Conca della Presolana Magistrale"]
[Site "Bratto - Castione della Presolana ITA"]
[Date "1997.08.??"]
[Round "7"]
[White "Quagliarella, Sabino Remo"]
[Black "Vita, Fabrizio"]
[Result "1-0"]
[WhiteElo "1892"]
[BlackElo "2013"]
[PlyCount "49"]
[EventDate "1997.08.21"]

1. d4 Nf6 2. Nf3 g6 3. g3 Bg7 4. Bg2 d5 5. O-O O-O 6. Nbd2 Nbd7 7. c4 c6 8. Qc2
Re8 9. b3 e5 10. dxe5 Nxe5 11. Nxe5 Rxe5 12. Nf3 Bf5 13. Qd1 Re7 14. Bb2 Be4
15. cxd5 Bxd5 16. e3 Rd7 17. Qe2 a5 18. Bh3 Re7 19. Rad1 Qb6 20. Bd4 Qb4 21.
Rc1 b6 22. Qd2 Nh5 23. Bxg7 Nxg7 24. Nd4 c5 25. a3 1-0

[Event "XVII Festival Conca della Presolana Magistrale"]
[Site "Bratto - Castione della Presolana ITA"]
[Date "1997.08.??"]
[Round "7"]
[White "Rossi, Giampiero"]
[Black "Capece, Adolivio"]
[Result "1-0"]
[WhiteElo "2150"]
[BlackElo "1953"]
[PlyCount "157"]
[EventDate "1997.08.21"]

1. d4 Nf6 2. c4 c5 3. dxc5 e6 4. Nc3 Bxc5 5. Nf3 Nc6 6. a3 d5 7. e3 O-O 8. b4
Be7 9. Bb2 a6 10. cxd5 exd5 11. Be2 Be6 12. O-O Rc8 13. Rc1 Ne4 14. Qc2 f5 15.
Rfd1 Qe8 16. Qb1 Nxc3 17. Bxc3 Qf7 18. Ne5 Nxe5 19. Bxe5 Bf6 20. Qb2 Bxe5 21.
Qxe5 Rxc1 22. Rxc1 Qf6 23. Qxf6 Rxf6 24. Bf3 Rf7 25. Kf1 g5 26. g3 Kg7 27. Ke2
Kf6 28. Kd3 Ke5 29. Bh5 Rg7 30. f4+ gxf4 31. exf4+ Kd6 32. Kd4 b6 33. Rc3 Ra7
34. Bf3 h5 35. h4 Rh7 36. Re3 Rc7 37. Bxh5 Rc4+ 38. Kd3 Rc1 39. Be2 Ra1 40. Kd4
a5 41. bxa5 bxa5 42. Bb5 Rd1+ 43. Rd3 Re1 44. Re3 Rd1+ 45. Bd3 Ra1 46. Be2 Ra2
47. Bf3 Rd2+ 48. Rd3 Rh2 49. Ke3 Rb2 50. Bd1 Rg2 51. Kd4 Rh2 52. Bh5 Rc2 53.
Rc3 Rd2+ 54. Rd3 Rc2 55. Rb3 Rd2+ 56. Ke3 Ra2 57. Rc3 Rg2 58. Kf3 d4 59. Rc6+
Kxc6 60. Kxg2 Kc5 61. Be2 Bc4 62. Kf2 d3 63. Bd1 Kd4 64. h5 Ke4 65. Bf3+ Kd4
66. g4 fxg4 67. Bxg4 Ke4 68. Kg3 d2 69. h6 Bg8 70. Bd1 Bh7 71. Kg4 Bf5+ 72. Kg5
Bh7 73. Ba4 Kd4 74. f5 Ke5 75. f6 Ke6 76. Bb3+ Kd7 77. Kf4 Bg8 78. f7 Bxf7 79.
Ba4+ 1-0

[Event "XVII Festival Conca della Presolana Magistrale"]
[Site "Bratto - Castione della Presolana ITA"]
[Date "1997.08.??"]
[Round "7"]
[White "Scagliarini, Bruno"]
[Black "Alberton, Roberto"]
[Result "0-1"]
[WhiteElo "1974"]
[BlackElo "2190"]
[PlyCount "90"]
[EventDate "1997.08.21"]

1. c4 f5 2. g3 Nf6 3. Bg2 d6 4. d4 g6 5. Nf3 Bg7 6. Nc3 O-O 7. O-O Qe8 8. d5
Na6 9. Nd4 Bd7 10. Rb1 c6 11. Re1 Nc7 12. e4 c5 13. Nc2 Ng4 14. h3 Ne5 15. Qe2
fxe4 16. Nxe4 b5 17. b3 Rb8 18. f4 Nf7 19. Bd2 Qc8 20. Kh2 Qa6 21. Bc3 bxc4 22.
Bxg7 Kxg7 23. bxc4 Rxb1 24. Rxb1 Nxd5 25. Ne1 Nb6 26. Nd2 Qxa2 27. Qd3 Kg8 28.
Qc3 Nxc4 29. Qxc4 Qxd2 30. Nf3 Qf2 31. Re1 Qb2 32. Rxe7 Bc6 33. Re2 Qb4 34. Qa2
Qb7 35. Rb2 Qa8 36. Ng5 Bxg2 37. Rxg2 d5 38. Ne6 Rc8 39. Rd2 c4 40. Qa1 c3 41.
Rd3 Qc6 42. Re3 Qb6 43. Re2 d4 44. h4 d3 45. Re4 Qb2+ 0-1

[Event "XVII Festival Conca della Presolana Magistrale"]
[Site "Bratto - Castione della Presolana ITA"]
[Date "1997.08.??"]
[Round "7"]
[White "Sgnaolin, Davide"]
[Black "Grosar, Kiti"]
[Result "0-1"]
[WhiteElo "2055"]
[BlackElo "2190"]
[PlyCount "88"]
[EventDate "1997.08.21"]

1. e4 c5 2. Nf3 d6 3. d4 cxd4 4. Nxd4 Nf6 5. Nc3 Nc6 6. g3 g6 7. Bg2 Nxd4 8.
Qxd4 Bg7 9. O-O O-O 10. h3 Be6 11. Qb4 Rb8 12. Be3 b6 13. Ne2 Qc8 14. Nf4 Bd7
15. Rac1 e5 16. Nd5 Nxd5 17. exd5 Bxh3 18. Qxd6 Bxg2 19. Kxg2 Rd8 20. Qc6 e4
21. Bf4 Rb7 22. b3 h6 23. c4 g5 24. Qxc8 Rxc8 25. Bd2 f5 26. Rfe1 Kf7 27. g4
Kg6 28. gxf5+ Kxf5 29. Be3 Bf8 30. Bd4 h5 31. f3 exf3+ 32. Kxf3 Re7 33. Rxe7
Bxe7 34. Re1 Bd6 35. Re6 g4+ 36. Kg2 Bf4 37. Re7 Rc7 38. Rxc7 Bxc7 39. a4 h4
40. b4 h3+ 41. Kg1 Ke4 42. Bf6 Bd6 43. a5 g3 44. Bh4 g2 0-1

[Event "XVII Festival Conca della Presolana Magistrale"]
[Site "Bratto - Castione della Presolana ITA"]
[Date "1997.08.??"]
[Round "7"]
[White "Temi, Walter"]
[Black "Mascheroni, Maurizio"]
[Result "1-0"]
[WhiteElo "2110"]
[BlackElo "1944"]
[PlyCount "49"]
[EventDate "1997.08.21"]

1. e4 d6 2. d4 Nf6 3. Nc3 g6 4. Nf3 Bg7 5. Be2 O-O 6. Be3 c6 7. a4 Bg4 8. h3
Bxf3 9. Bxf3 Nbd7 10. O-O a6 11. Qd2 b5 12. e5 dxe5 13. Bxc6 b4 14. Na2 exd4
15. Qxd4 Rc8 16. Bb7 Rxc2 17. Nxb4 Ne8 18. Qa7 Rxb2 19. Rab1 Qa5 20. Nc6 Qc3
21. Nxe7+ Kh8 22. Nd5 Qd3 23. Rxb2 Bxb2 24. Qxa6 Qa3 25. Qb5 1-0

[Event "XVII Festival Conca della Presolana Magistrale"]
[Site "Bratto - Castione della Presolana ITA"]
[Date "1997.08.??"]
[Round "8"]
[White "Alberton, Roberto"]
[Black "Di Lazzaro, Gabriele"]
[Result "1-0"]
[WhiteElo "2190"]
[BlackElo "2030"]
[PlyCount "51"]
[EventDate "1997.08.21"]

1. e4 g6 2. d4 Bg7 3. Nf3 d6 4. c3 Nf6 5. Qc2 O-O 6. Be2 Nbd7 7. O-O c6 8. Rd1
Qc7 9. h3 b6 10. Bf4 Bb7 11. c4 Rfe8 12. c5 Rac8 13. e5 dxe5 14. dxe5 Nd5 15.
e6 Ne5 16. exf7+ Kxf7 17. Ng5+ Kg8 18. Ne6 Qb8 19. Bh2 Bf6 20. Nc3 Nc7 21. Qb3
Nxe6 22. Qxe6+ Kg7 23. Ne4 Rcd8 24. f4 Bc8 25. fxe5 Kf8 26. exf6 1-0

[Event "XVII Festival Conca della Presolana Magistrale"]
[Site "Bratto - Castione della Presolana ITA"]
[Date "1997.08.??"]
[Round "8"]
[White "Barbafiera, Luigi"]
[Black "Mancini, Giustino"]
[Result "1-0"]
[WhiteElo "1900"]
[BlackElo "2060"]
[PlyCount "171"]
[EventDate "1997.08.21"]

1. c4 c6 2. Nf3 Nf6 3. g3 d6 4. Bg2 g6 5. O-O Bg7 6. Nc3 O-O 7. Rb1 Bf5 8. d3
d5 9. Nd4 Bd7 10. cxd5 Nxd5 11. Nxd5 Bxd4 12. Ne3 Na6 13. b4 Nc7 14. Nc4 Be6
15. Bb2 Rb8 16. e3 Bxb2 17. Rxb2 Qc8 18. Re1 Rd8 19. Rd2 Nb5 20. Ne5 f6 21. Nf3
Bh3 22. a4 Bxg2 23. Kxg2 Nc7 24. d4 a5 25. bxa5 Qe6 26. Rb2 Rd5 27. Qd2 Rh5 28.
h4 g5 29. e4 Qg4 30. Nh2 Qd7 31. Qe2 Rh6 32. Ng4 Rg6 33. h5 Rg7 34. Nh6+ Kh8
35. Nf5 Rgg8 36. Qc4 e6 37. Nh6 Rgd8 38. Rd1 Kg7 39. Ng4 e5 40. Ne3 Qe6 41. d5
Qf7 42. d6 Na6 43. g4 Qxc4 44. Nxc4 Nc5 45. Rdb1 Rd7 46. Rb4 Kf7 47. f3 Ke6 48.
Rb6 Ra8 49. Kf2 Ra7 50. Ke3 Nxa4 51. R6b4 Nc3 52. R1b3 Nb5 53. Rxb5 cxb5 54.
Rxb5 Ra6 55. Rd5 h6 56. Kd3 Rd8 57. Kc3 Kd7 58. Kb4 Ke6 59. Kc5 Kd7 60. Kb5 Rb8
61. Nb6+ Ke6 62. d7 Rd8 63. Na4 Rc6 64. Nc5+ Rxc5+ 65. Kxc5 Rxd7 66. Kb6 Re7
67. Rd8 Rh7 68. Rb8 Rd7 69. Rxb7 Rd3 70. a6 Kd6 71. Ka7 Rxf3 72. Kb8 Kc5 73. a7
Ra3 74. a8=Q Rxa8+ 75. Kxa8 Kd4 76. Rf7 Kxe4 77. Rxf6 Ke3 78. Rxh6 Kf4 79. Re6
Kxg4 80. h6 Kf5 81. Rxe5+ Kxe5 82. h7 Kf4 83. h8=Q g4 84. Qh1 Kg3 85. Qg1+ Kh3
86. Kb7 1-0

[Event "XVII Festival Conca della Presolana Magistrale"]
[Site "Bratto - Castione della Presolana ITA"]
[Date "1997.08.??"]
[Round "8"]
[White "Barbieri, Giovanni"]
[Black "Scagliarini, Bruno"]
[Result "1-0"]
[WhiteElo "2115"]
[BlackElo "1974"]
[PlyCount "103"]
[EventDate "1997.08.21"]

1. e4 e6 2. b3 d5 3. Bb2 c5 4. Nc3 Nf6 5. Bb5+ Nc6 6. e5 Nd7 7. Bxc6 bxc6 8.
Nf3 Ba6 9. d3 Qc7 10. Qe2 Be7 11. O-O O-O 12. Rfe1 Rab8 13. Bc1 h6 14. Nb1 Rfd8
15. c4 Nf8 16. Bf4 Ng6 17. Bg3 Rb4 18. Nbd2 Rdb8 19. h4 Bc8 20. h5 Nf8 21. Bf4
a5 22. g4 Nh7 23. Qe3 Qd8 24. Kg2 a4 25. Reb1 Ra8 26. Ne1 Rb7 27. Bg3 Rba7 28.
Rb2 f6 29. exf6 Bxf6 30. Be5 Bxe5 31. Qxe5 Qh4 32. f3 axb3 33. Nxb3 dxc4 34.
dxc4 Ba6 35. Nd2 Ng5 36. Qg3 Qxg3+ 37. Kxg3 e5 38. Nd3 e4 39. fxe4 Rd8 40. Nxc5
Bc8 41. a4 Ra5 42. Ndb3 Ra7 43. a5 Be6 44. Nd2 Rd4 45. a6 Bxc4 46. Nxc4 Rxc4
47. Rb7 Ra8 48. Nd7 Rc3+ 49. Kg2 Rc2+ 50. Kg1 Kh7 51. Nf6+ Kh8 52. a7 1-0

[Event "XVII Festival Conca della Presolana Magistrale"]
[Site "Bratto - Castione della Presolana ITA"]
[Date "1997.08.??"]
[Round "8"]
[White "Belotti, Bruno"]
[Black "Lanzani, Mario"]
[Result "1/2-1/2"]
[WhiteElo "2410"]
[BlackElo "2360"]
[PlyCount "47"]
[EventDate "1997.08.21"]

1. e4 e5 2. Nf3 Nc6 3. Bc4 Nf6 4. d3 Bc5 5. c3 d6 6. Nbd2 a6 7. O-O O-O 8. Bb3
Ba7 9. Nc4 Ne7 10. Bg5 Ng6 11. Nh4 Nxh4 12. Bxh4 h6 13. Kh1 g5 14. Bg3 Bg4 15.
f3 Be6 16. Qd2 Nh5 17. Bf2 Bxf2 18. Qxf2 a5 19. a4 Nf4 20. Rfd1 Qf6 21. d4 b6
22. Qc2 Bxc4 23. Bxc4 Rfd8 24. Qf2 1/2-1/2

[Event "XVII Festival Conca della Presolana Magistrale"]
[Site "Bratto - Castione della Presolana ITA"]
[Date "1997.08.??"]
[Round "8"]
[White "Bossi, Alessandro"]
[Black "Sgnaolin, Davide"]
[Result "0-1"]
[WhiteElo "2009"]
[BlackElo "2055"]
[PlyCount "98"]
[EventDate "1997.08.21"]

1. e4 c5 2. Nf3 Nc6 3. b4 cxb4 4. a3 e6 5. d4 d5 6. e5 Bd7 7. axb4 Bxb4+ 8. c3
Be7 9. Bd3 a6 10. O-O Rc8 11. Ba3 Na7 12. Bxe7 Qxe7 13. Ne1 Bb5 14. f4 g6 15.
Qf3 h5 16. Rf2 Nh6 17. h3 Bxd3 18. Nxd3 h4 19. Rb2 Nb5 20. Nc5 Nf5 21. Qd3 O-O
22. Kh2 Rc6 23. Rb3 Rxc5 24. dxc5 Qxc5 25. Na3 Nxa3 26. Rbxa3 Ng3 27. Rb3 Rc8
28. Qf3 Qc4 29. Rab1 b5 30. Ra3 Qe4 31. Qxe4 dxe4 32. Rxa6 Rxc3 33. Raa1 e3 34.
Re1 e2 35. Rab1 Rc4 36. Rxb5 Rxf4 37. Rb2 Re4 38. Rb5 Rd4 39. Kg1 Rf4 40. Rbb1
Rf1+ 41. Kh2 Rf4 42. Kg1 Rf1+ 43. Kh2 Kg7 44. Ra1 Kh6 45. Rab1 Kg5 46. Ra1 Kf4
47. Rab1 Rxe1 48. Rxe1 Ke3 49. Ra1 Kf2 0-1

[Event "XVII Festival Conca della Presolana Magistrale"]
[Site "Bratto - Castione della Presolana ITA"]
[Date "1997.08.??"]
[Round "8"]
[White "Bresciani, Nicola"]
[Black "Carparelli, Luciano"]
[Result "1-0"]
[WhiteElo "2325"]
[BlackElo "1900"]
[PlyCount "75"]
[EventDate "1997.08.21"]

1. e4 c5 2. Nf3 Nc6 3. d4 cxd4 4. Nxd4 e6 5. Nc3 Qc7 6. Be3 a6 7. Be2 Nf6 8.
O-O Be7 9. f4 d6 10. Qe1 O-O 11. Qg3 Bd7 12. Kh1 Nxd4 13. Bxd4 Bc6 14. Rae1 b5
15. a3 Qb7 16. Bd3 b4 17. axb4 Qxb4 18. Ne2 Qb7 19. e5 dxe5 20. Bxe5 Nh5 21.
Qh3 g6 22. Ng3 Ng7 23. f5 exf5 24. Bxg7 Kxg7 25. Nxf5+ gxf5 26. Qxf5 Bxg2+ 27.
Kg1 Bc5+ 28. Qxc5 Bxf1 29. Qg5+ Kh8 30. Qf6+ Kg8 31. Be4 Qa7+ 32. Kxf1 a5 33.
Qg5+ Kh8 34. Qh5 f5 35. Bxa8 Qxa8 36. Re7 Qf3+ 37. Ke1 Qh1+ 38. Kf2 1-0

[Event "XVII Festival Conca della Presolana Magistrale"]
[Site "Bratto - Castione della Presolana ITA"]
[Date "1997.08.??"]
[Round "8"]
[White "Capece, Adolivio"]
[Black "Agnelli, Francesco"]
[Result "0-1"]
[WhiteElo "1953"]
[BlackElo "2085"]
[PlyCount "92"]
[EventDate "1997.08.21"]

1. c4 Nf6 2. Nc3 g6 3. g3 Bg7 4. Bg2 d6 5. d3 e5 6. Bg5 h6 7. Bd2 Nbd7 8. b4
O-O 9. Qc1 Kh7 10. h4 Nh5 11. Bf3 f5 12. a4 a5 13. b5 Nc5 14. Ra3 Bd7 15. Be3
Rb8 16. Nh3 Qc8 17. Bxh5 gxh5 18. f4 b6 19. Qd2 Qe8 20. O-O Rg8 21. Kh2 Qg6 22.
Rg1 Bf6 23. Nd5 Bd8 24. Bxc5 bxc5 25. Raa1 c6 26. Nc3 e4 27. bxc6 Bxc6 28. dxe4
Bf6 29. Rad1 Rb3 30. Nd5 Bxd5 31. Qxd5 Bd4 32. Qxf5 Qxf5 33. exf5 Bxg1+ 34.
Rxg1 Re8 35. Re1 Ree3 36. Ng1 Kg7 37. Rd1 Rb6 38. Rd5 Kf6 39. Kg2 Re4 40. Kf2
Rxc4 41. Nf3 Rxa4 42. Nd2 Rd4 43. Rxd4 cxd4 44. Nc4 Ra6 45. e4 dxe3+ 46. Nxe3
a4 0-1

[Event "XVII Festival Conca della Presolana Magistrale"]
[Site "Bratto - Castione della Presolana ITA"]
[Date "1997.08.??"]
[Round "8"]
[White "Castaldo, Folco"]
[Black "Sbarra, Marco"]
[Result "1/2-1/2"]
[WhiteElo "2170"]
[BlackElo "2280"]
[PlyCount "73"]
[EventDate "1997.08.21"]

1. e4 Nf6 2. e5 Nd5 3. d4 d6 4. Nf3 Bg4 5. Be2 c6 6. Ng5 Bxe2 7. Qxe2 e6 8. O-O
dxe5 9. dxe5 Be7 10. Ne4 Nd7 11. c4 N5b6 12. Rd1 Qc7 13. Nd6+ Bxd6 14. exd6 Qd8
15. Nc3 c5 16. Ne4 Rc8 17. Rd3 Ne5 18. Rg3 Kf8 19. Bg5 f6 20. Nxf6 gxf6 21.
Bh6+ Ke8 22. Rg7 Qxd6 23. Rd1 Qf8 24. Rxh7 Rxh7 25. Bxf8 Kxf8 26. f4 Nexc4 27.
Qxe6 Rf7 28. b3 Re8 29. Qf5 Ne3 30. Qxc5+ Kg8 31. Re1 Nbd5 32. Qxa7 Rc7 33. g3
b6 34. Qa6 Rc2 35. Qd3 Re7 36. Rxe3 Nxe3 37. Qg6+ 1/2-1/2

[Event "XVII Festival Conca della Presolana Magistrale"]
[Site "Bratto - Castione della Presolana ITA"]
[Date "1997.08.??"]
[Round "8"]
[White "Cugini, Verter"]
[Black "Ceresoli, Luigi"]
[Result "1/2-1/2"]
[WhiteElo "2215"]
[BlackElo "2053"]
[PlyCount "141"]
[EventDate "1997.08.21"]

1. e4 e5 2. Nf3 Nc6 3. d4 exd4 4. Nxd4 d6 5. Nc3 Bd7 6. Be2 Nf6 7. O-O Be7 8.
Be3 O-O 9. f4 Re8 10. Bf3 Bf8 11. h3 Nxd4 12. Bxd4 c5 13. Bxf6 Qxf6 14. Nd5 Qd8
15. Qd2 Bc6 16. Rad1 Bxd5 17. Qxd5 Qb6 18. b3 c4+ 19. Kh1 Rac8 20. Be2 Rc5 21.
Qd4 cxb3 22. cxb3 Rc2 23. Qxb6 axb6 24. Bb5 Rec8 25. a4 R8c3 26. Bc4 Rg3 27.
Rg1 g5 28. fxg5 Rxg5 29. Rd5 Rxd5 30. Bxd5 Rc7 31. Rf1 Bg7 32. Rd1 Be5 33. Kg1
Kf8 34. Bc4 f6 35. Kf2 Rg7 36. Rc1 Ke8 37. Be6 Bd4+ 38. Kf3 Bc5 39. Rc2 Kd8 40.
Kf4 Ke7 41. Bd5 Kd8 42. Kf5 Bd4 43. Rc4 Rg5+ 44. Ke6 Re5+ 45. Kf7 Re7+ 46. Kg8
Be5 47. Bf7 Bf4 48. Rc3 Rxe4 49. Kxh7 Be5 50. Rc4 Re3 51. Rg4 Ke7 52. Bd5 f5
53. Rg8 Rd3 54. Bc4 Rd2 55. Rb8 Rxg2 56. Rxb7+ Kf6 57. h4 Bd4 58. Rf7+ Ke5 59.
h5 Ke4 60. h6 d5 61. Re7+ Be5 62. Bd3+ Kf4 63. Rf7 Rg5 64. b4 Bc3 65. a5 bxa5
66. b5 Bd4 67. Bc2 Ke5 68. Rg7 Rg4 69. Bd1 Rg1 70. Rxg1 Bxg1 71. Kg6 1/2-1/2

[Event "XVII Festival Conca della Presolana Magistrale"]
[Site "Bratto - Castione della Presolana ITA"]
[Date "1997.08.??"]
[Round "8"]
[White "De Barberis, Massimo"]
[Black "Quagliarella, Sabino Remo"]
[Result "1-0"]
[WhiteElo "2110"]
[BlackElo "1892"]
[PlyCount "115"]
[EventDate "1997.08.21"]

1. e4 d6 2. Nc3 e5 3. Bc4 Nf6 4. d3 Be7 5. Nge2 O-O 6. O-O c6 7. Qe1 a5 8. a4
Na6 9. Bxa6 Rxa6 10. h3 d5 11. Ng3 Bb4 12. Qe2 d4 13. Nd1 Be6 14. f4 exf4 15.
Bxf4 Be7 16. Nf2 c5 17. c3 Qd7 18. Nfh1 Re8 19. Bg5 Qd8 20. Nf5 Bxf5 21. Rxf5
h6 22. Bd2 Re6 23. Ng3 Bd6 24. Qf2 Qc7 25. Bf4 Bxf4 26. Qxf4 Qxf4 27. Rxf4 Nd7
28. Raf1 Ne5 29. Nf5 Rg6 30. Kh2 b6 31. Ng3 Rg5 32. Rf5 Rxf5 33. Rxf5 Re6 34.
Ne2 g6 35. Rf2 Kg7 36. Nf4 Rf6 37. Kg1 Rd6 38. g4 f6 39. Nd5 Nf7 40. Kg2 Ne5
41. Kg3 Nd7 42. h4 Ne5 43. h5 g5 44. Rf5 Kf7 45. Nxf6 Rxf6 46. Rxe5 Rc6 47. Kf3
Rd6 48. Rf5+ Ke7 49. e5 Rd8 50. Ke4 Rf8 51. Rxf8 Kxf8 52. Kf5 Kf7 53. e6+ Ke7
54. Ke5 Ke8 55. Kf6 Kf8 56. Kg6 Ke7 57. Kxh6 Kxe6 58. Kxg5 1-0

[Event "XVII Festival Conca della Presolana Magistrale"]
[Site "Bratto - Castione della Presolana ITA"]
[Date "1997.08.??"]
[Round "8"]
[White "Di Fonzo, Valerio"]
[Black "Rosino, Antonio"]
[Result "0-1"]
[WhiteElo "2225"]
[BlackElo "2265"]
[PlyCount "102"]
[EventDate "1997.08.21"]

1. e4 e5 2. Nf3 Nc6 3. Nc3 Nf6 4. d4 exd4 5. Nxd4 Bb4 6. Nxc6 bxc6 7. Bd3 d5 8.
exd5 cxd5 9. O-O O-O 10. Bg5 c6 11. Qf3 Bxc3 12. bxc3 h6 13. Bf4 Be6 14. h3 Nd7
15. Bd6 Re8 16. Qg3 a5 17. Rab1 Qg5 18. Qxg5 hxg5 19. Rb7 Rec8 20. Re1 Nf6 21.
f3 Rd8 22. Bc7 Re8 23. Reb1 Bd7 24. Bd6 g6 25. Bc5 Be6 26. Kf1 Nd7 27. Bd6 f5
28. Re1 Kf7 29. g4 Kf6 30. Kg2 Rh8 31. Rxd7 Bxd7 32. Be5+ Kf7 33. Bxh8 Rxh8 34.
Rb1 Ra8 35. Rb7 Ke8 36. Rb6 Ke7 37. c4 d4 38. c5 Ra7 39. Rb8 Be6 40. a3 Kf6 41.
Rb6 Bd5 42. Bb5 Rc7 43. Kg3 Ke5 44. Be2 Re7 45. Ra6 Kf6 46. Bb5 Re6 47. Ba4 Re2
48. gxf5 gxf5 49. Bb3 f4+ 50. Kg4 Rg2+ 51. Kh5 Rg3 0-1

[Event "XVII Festival Conca della Presolana Magistrale"]
[Site "Bratto - Castione della Presolana ITA"]
[Date "1997.08.??"]
[Round "8"]
[White "Didoni, Renato"]
[Black "Lovati, Paolo"]
[Result "0-1"]
[WhiteElo "1984"]
[BlackElo "2135"]
[PlyCount "52"]
[EventDate "1997.08.21"]

1. Nf3 d5 2. d4 Nf6 3. h3 Bf5 4. Nh4 Bg6 5. Nxg6 hxg6 6. Nc3 e6 7. Bf4 c5 8. e3
Nc6 9. Bb5 Rc8 10. a3 cxd4 11. exd4 Be7 12. O-O Kf8 13. Be3 Qb6 14. Rb1 a6 15.
Bd3 Qc7 16. Qf3 g5 17. g4 e5 18. Nxd5 Nxd5 19. Qxd5 e4 20. Bxg5 Bxg5 21. Qxg5
Rxh3 22. f4 Ne7 23. Kg2 f6 24. Kxh3 fxg5 25. fxg5+ Kg8 26. g6 Rf8 0-1

[Event "XVII Festival Conca della Presolana Magistrale"]
[Site "Bratto - Castione della Presolana ITA"]
[Date "1997.08.??"]
[Round "8"]
[White "Drazic, Sinisa"]
[Black "Ortega, Lexy"]
[Result "0-1"]
[WhiteElo "2445"]
[BlackElo "2470"]
[PlyCount "130"]
[EventDate "1997.08.21"]

1. e4 c5 2. Nf3 d6 3. c4 Nf6 4. Nc3 e6 5. d4 cxd4 6. Nxd4 a6 7. Be2 Qc7 8. O-O
b6 9. Be3 Bb7 10. f3 Be7 11. Rc1 O-O 12. Rf2 Nbd7 13. Bf1 Rac8 14. Kh1 Qb8 15.
Rfc2 Rfd8 16. Qe1 Re8 17. Qd2 Rcd8 18. Qf2 Rc8 19. Qd2 Ne5 20. b3 Ng6 21. Na4
Nd7 22. b4 Nge5 23. a3 Bd8 24. Bg1 Bc7 25. Nc3 Bd8 26. Na4 Bc7 27. Nc3 Nf6 28.
Nb3 Bd8 29. Nd1 Ned7 30. Nd4 Be7 31. Nc3 h6 32. Na4 Rcd8 33. Rd1 Bf8 34. Qf2
Rc8 35. Rcd2 Ba8 36. Rc2 g6 37. Rdc1 Rc7 38. Nb3 Rc6 39. Nd4 Rc7 40. Nb3 Rb7
41. Qd2 Rc7 42. Be3 Kh7 43. Qf2 Rc6 44. Nd4 Rc7 45. Nb3 Rc6 46. Nd4 Rc7 47. Kg1
Qb7 48. Nb3 Rc6 49. Bd4 Be7 50. Kh1 Bd8 51. Qd2 Qb8 52. Be3 h5 53. Bg5 Be7 54.
Nd4 Rcc8 55. Nb3 Kg7 56. Bh6+ Kg8 57. Bg5 Bxe4 58. Bxf6 Bxc2 59. Bxe7 Bxb3 60.
Bxd6 Qb7 61. Nb2 b5 62. c5 e5 63. Qe3 Qd5 64. Bd3 Qd4 65. Qe2 Qxd6 0-1